<?xml version="1.0" encoding="UTF-8"?>
<record
    xmlns:xsi="http://www.w3.org/2001/XMLSchema-instance"
    xsi:schemaLocation="http://www.loc.gov/MARC21/slim http://www.loc.gov/standards/marcxml/schema/MARC21slim.xsd"
    xmlns="http://www.loc.gov/MARC21/slim">

  <leader>01024    a2200205   4500</leader>
  <controlfield tag="001">63398</controlfield>
  <controlfield tag="005">20260407155931.0</controlfield>
  <controlfield tag="008">260407a1955    arg                 spa d</controlfield>
  <controlfield tag="003">AR-UNSa-BCEJYS</controlfield>
  <datafield tag="040" ind1=" " ind2=" ">
    <subfield code="a">AR-UNSa-BCEJYS</subfield>
    <subfield code="b">spa</subfield>
    <subfield code="c">AR-UNSa-BCEJYS</subfield>
  </datafield>
  <datafield tag="080" ind1=" " ind2=" ">
    <subfield code="a">519.2</subfield>
    <subfield code="x">Probabilidades y estad&#xED;stica matem&#xE1;tica
</subfield>
  </datafield>
  <datafield tag="245" ind1="1" ind2="0">
    <subfield code="a">La probabilidad y sus aplicaciones</subfield>
  </datafield>
  <datafield tag="264" ind1=" " ind2="1">
    <subfield code="a">Buenos Aires :</subfield>
    <subfield code="b">Ibero-Americana</subfield>
    <subfield code="c">1955</subfield>
  </datafield>
  <datafield tag="300" ind1=" " ind2=" ">
    <subfield code="a">xi, 238 p.</subfield>
    <subfield code="c">23 cm.</subfield>
  </datafield>
  <datafield tag="505" ind1=" " ind2=" ">
    <subfield code="a">1. La definici&#xF3;n cl&#xE1;sica y definiciones modernas &#x2013; 2. Principios fundamentales de la teor&#xED;a de probabilidades &#x2013; 3. Historia y problemas cl&#xE1;sicos de la teor&#xED;a de las probabilidades &#x2013; 4. Aplicaciones a los juegos de azar &#x2013; 5. Probabilidades geom&#xE9;tricas &#x2013; 6. Aplicaciones a la aritm&#xE9;tica &#x2013; 7. Aplicaciones a la astronom&#xED;a &#x2013; 8. Aplicaciones a la f&#xED;sica &#x2013; 9. Aplicaciones al tiro &#x2013; 10. Aplicaciones a los seguros de vida &#x2013;  </subfield>
  </datafield>
  <datafield tag="041" ind1=" " ind2=" ">
    <subfield code="a">spa</subfield>
  </datafield>
  <datafield tag="942" ind1=" " ind2=" ">
    <subfield code="c">BK</subfield>
  </datafield>
  <datafield tag="590" ind1=" " ind2=" ">
    <subfield code="a">niveau_biblio:m niveau_hierar:0</subfield>
  </datafield>
  <datafield tag="100" ind1="1" ind2=" ">
    <subfield code="a">Santalo, Luis A.</subfield>
  </datafield>
  <datafield tag="999" ind1=" " ind2=" ">
    <subfield code="c">8159</subfield>
    <subfield code="d">8159</subfield>
  </datafield>
  <datafield tag="952" ind1=" " ind2=" ">
    <subfield code="0">0</subfield>
    <subfield code="1">0</subfield>
    <subfield code="4">0</subfield>
    <subfield code="7">0</subfield>
    <subfield code="a">BCEJYS</subfield>
    <subfield code="b">BCEJYS</subfield>
    <subfield code="c">16</subfield>
    <subfield code="d">2026-04-07</subfield>
    <subfield code="l">0</subfield>
    <subfield code="o">519.2 S231</subfield>
    <subfield code="p">L20637</subfield>
    <subfield code="r">2026-04-07 15:59:31</subfield>
    <subfield code="w">2026-04-07</subfield>
    <subfield code="y">L</subfield>
  </datafield>
</record>
